00995nam a2200265 a 450000100060000000300080000600500170001400800410003103500190007204000470009104100080013808200250014610000480017124500930021925000130031226000590032530000330038450400350041765100460045270000320049874000290053094200120055999900170057195201410058842207BD-RjUL20211209053516.0160611s1934 nyua b 001 0 eng  a(BD-RjUL)42325 aDLCcMODdOCLdSERdOCLdEQOdBD-RjULbeng aeng 223a327.73bLAH 19401 aLatané, John Holladayd1869-1932.912980212a A History of American Foreign policy /cby John Holladay Latané , David W. Wainhouse a2nd Rev. aGarden City, N.Y. :bDoubleday, Page & Company,c1927. axiv, 725 p. :bill ;c24 cm. a"Notes on sources": p. ix-xiv. 0aUnited StatesxForeign relations.9129803 aWainhouse, David W.913023701aAmerican foreign policy. 2ddccBK c42207d42207 00102ddc40708NFICaRUCLbRUCLcStackd1958-02-26eU.S.I.S. Dacea Gratsl0o327.73 LAH 1940r2016-06-11 00:00:00tC-2w2021-12-09yBK